LOTR : Who has touched the One Ring ? - Statistics

General Stats
  • This quiz has been taken 1,012 times
  • The average score is 14 of 15
Answer Stats
Hint Answer % Correct
Brushed it with the fingertips Gollum
100%
The last one to have touched the Ring Gollum
100%
It has poisoned his mind for 500 years Sméagol / Gollum
100%
The "Ring-bearer" Frodo
99%
The "Ring-bearer" Frodo
99%
The "Ring-bearer" Frodo
99%
The "Ring-bearer" Frodo
99%
The "Ring-bearer" Frodo
99%
Creator of the Ring Sauron
99%
Likes riddles Bilbo
97%
He thought the Ring-bearer was dead so he took it Sam
97%
Held the Ring by the chain Boromir
90%
It is his bane Isildur
82%
Touched it with the point of a sword Faramir
72%
First person to touch the Ring after 2500 years Déagol
70%
No matching quizzes found
Score Distribution
Percent of People with Each Score
Percentile by Number Answered
Your Score History
You have not taken this quiz